000 00734nam a2200229Ia 4500
001 8996
003 GE_BSU
008 181216s||||||||xx |||||||||||||| ||und||
040 _cGE_BSU
080 _a821.353.1–1
100 _aკახიძე,მედეა
245 _aერთტომეული
245 _bლექსები
245 _cრედ.რ.სირაძე,მხატვ.თ.კარბელაშვილი
260 _aთბილისი
260 _bსაბჭოთა საქართველო
260 _c1982
300 _a218გვ.ფოტოპორტრეტი
653 _aერთტომეული
653 _aლექსები
942 _cBK
999 _c42301
_d42301